00801nam a2200181 a 450000500170000000800410001702000180005805000210007605000240009724501240012126000350024530000230028065000340030365000320033799900190036995201140038895201170050220140412111259.0001219s19uu xx 00 eng d a971-121-031-2 aFil EbDi57 1980 aFil 398.2bA72 1980 aSi Dilat, si Kindat, si Kurap, si Pikit :bat and paghahanap nila sa talang marikit /cRobert Alonzo ; Albert E. Gamos. a[s.l.] :bAklat Adarna,c1980. a1 v. (unp.) ; ill. aChildren's stories -- Fiction aFilipino stories -- Fiction c103295d103295 00104050aELbELcFILd2001-03-07eDonationl0oFil E Di57 1980pE4399r2014-04-12 00:00:00w2014-04-12yBK 00104050aELbELcFILd2003-04-15eDonationl0oFil 398.2 A72 1980pE5680r2014-04-12 00:00:00w2014-04-12yBK